Problems arising from the redevelopment of gas works and similar sites for United Kingdom Atomic Energy Authority, Harwell (Record no. 88378)

MARC details
000 -LEADER
fixed length control field 00526cam a2200193 4500
001 - CONTROL NUMBER
control field D9919
008 - FIXED-LENGTH DATA ELEMENTS--GENERAL INFORMATION
fixed length control field 090401t1981 xxu||||| |||| 00| 0 eng d
035 ## - SYSTEM CONTROL NUMBER
System control number (Sirsi) u23315
041 ## - LANGUAGE CODE
Language code of text/sound track or separate title eng
050 ## - LIBRARY OF CONGRESS CALL NUMBER
Classification number 333.73
100 ## - MAIN ENTRY--PERSONAL NAME
Personal name Wilson, D.C.
245 ## - TITLE STATEMENT
Title Problems arising from the redevelopment of gas works and similar sites for United Kingdom Atomic Energy Authority, Harwell
260 ## - PUBLICATION, DISTRIBUTION, ETC.
Place of publication, distribution, etc. London
Name of publisher, distributor, etc. HMSO
Date of publication, distribution, etc. 1981
300 ## - PHYSICAL DESCRIPTION
Extent vi. 174p. 29cm
350 ## - PRICE (NR) (BK AM CF MU VM SE) [OBSOLETE]
Price 11
700 ## - ADDED ENTRY--PERSONAL NAME
Personal name Stevens, C.
942 ## - ADDED ENTRY ELEMENTS (KOHA)
Suppress in OPAC 0
948 ## - LOCAL PROCESSING INFORMATION (OCLC); SERIES PART DESIGNATOR (RLIN)
c (OCLC) 04/03/1997
Holdings
Withdrawn status Lost status Source of classification or shelving scheme Damaged status Not for loan Home library Current library Shelving location Date acquired Cost, normal purchase price Total Checkouts Full call number Barcode Date last seen Copy number Cost, replacement price Price effective from Koha item type
    Dewey Decimal Classification     London London Basement 14/09/1999 11.00   SHELF 202 30001366 06/08/2019 1 11.00 06/08/2019 Book